Gêneros orais e escritos na escola

Saved in:
Bibliographic Details
Main Authors: Schneuwly, Bernard (Author), Dolz, Joaquim (Author)
Format: Book
Language:Portuguese
Published: Campinas Mercado de Letras 2004
Edition:1a. ed
Series:Coleςão As Faces da Linguística Aplicada, 6
Subjects:
Tags: Add Tag
No Tags, Be the first to tag this record!

MARC

LEADER 00000cam a2200000 a 4500
001 UCE5811
003 CL-VaPUC
008 150305e20040000bl |||||||||||||||||por|d
020 |a 8575910329 
082 0 4 |a 411  |b SCH  |2 21 
100 0 |a Schneuwly, Bernard  |e author  |9 578484 
700 0 |a Dolz, Joaquim  |e author  |9 578485 
245 1 0 |a Gêneros orais e escritos na escola 
250 |a 1a. ed 
300 |a 239 p 
942 |c BK 
945 |d 20150305 12:52:00  |a arojas 
260 |a Campinas  |b Mercado de Letras  |c 2004 
650 0 |a Comunicación oral  |9 307769 
650 0 |a Lingüística aplicada   |9 313266 
650 7 |a CALIGRAFIA  |2 CL-VaPUC  |9 578486 
583 |a last modification  |c 20150305 12:52:00  |k Rodrigo Vera 
490 0 |a Coleςão As Faces da Linguística Aplicada, 6 
999 |c 358398  |d 358396 
952 |0 0  |1 0  |3 erb  |4 0  |6 411_000000000000000_SCH_2004  |7 0  |8 A  |9 467079  |a FDOPOS  |b FDOPOS  |i 5138302  |o 411 SCH 2004  |p 5138302  |r 2025-01-22  |w 2019-11-23  |y BK  |z Catalogado en:20150305  |k DLA